Latinae voces locutionesque cum hispano sermone comparatae : in usum vivae latinitatis cultorum vel /

Guardado en:
Autor Principal: Del Col, José Juan
Formato: Libro
Publicado: Bahía Blanca : Instituto superior "juan Xxiii", 1981
Materias:
Etiquetas: Agregar Etiqueta
Sin Etiquetas, Sea el primero en etiquetar este registro!
LEADER 00621nam a22001815a 4500
001 CEM.cems006957
005 20060214000000.0
008 130507s1981##################000#0#####d
003 CEMS
082 0 4 |a 270 
100 1 |a Del Col, José Juan 
245 1 0 |a Latinae voces locutionesque cum hispano sermone comparatae :  |b in usum vivae latinitatis cultorum vel / 
260 |a Bahía Blanca :  |b Instituto superior "juan Xxiii",  |c 1981 
300 |a 29 p. 
653 |a Latin 
653 |a Latin-vocabulario 
859 |a CEMS  |b BIB. CEMS - 11 de abril  |h 270  |i C67  |p 14758.87  |t Ej.1 
859 |a CEMS  |b BIB. CEMS - 11 de abril  |h 270  |i C67  |p 18541.95  |t Ej.2